Rama Janamabhoomi : (Record no. 138632)

MARC details
000 -LEADER
fixed length control field 00696nam a22001937a 4500
005 - DATE AND TIME OF LATEST TRANSACTION
control field 20170403131526.0
010 ## - LCCN (DPL NO)
LC control number ENG-117689
020 ## - INTERNATIONAL STANDARD BOOK NUMBER
International Standard Book Number 9788184541564
Terms of availability 995.00
035 ## - SYSTEM CONTROL NUMBER
System control number EN-101221
037 ## - SOURCE OF ACQUISITION
Source of stock number/acquisition DABD/PUB
082 ## - DEWEY DECIMAL CLASSIFICATION NUMBER
Classification number 333.30954
245 ## - TITLE STATEMENT
Title Rama Janamabhoomi :
Statement of responsibility, etc edited by Amrita Grover [and] Anju Grover Chaudhary
Remainder of title Professor B.R. Grovers's analysis of revenue records and historical facts /
260 ## - PUBLICATION, DISTRIBUTION, ETC. (IMPRINT)
Place of publication, distribution, etc Delhi
Name of publisher, distributor, etc Originals
Date of publication, distribution, etc 2015
270 ## - ADDRESS
Address A-6 Nimri Commercial Center,Near Ashok Vihar Phase-IV
City Delhi
Postal code 110052
300 ## - PHYSICAL DESCRIPTION
Extent xIii,332p. :
Dimensions 23cm(Hb)
Other physical details ill.
700 ## - ADDED ENTRY--PERSONAL NAME
Personal name Grover,Amrita
700 ## - ADDED ENTRY--PERSONAL NAME
Personal name Grover Chaudhary,Anju
942 ## - ADDED ENTRY ELEMENTS (KOHA)
Source of classification or shelving scheme Dewey Decimal Classification
Item type English Books
Classification part 333.30954
Call number suffix RAM
Holdings
Withdrawn status Lost status Not for loan Collection code Home library Current library Date acquired Source of acquisition Cost, normal purchase price Full call number Barcode Copy number Cost, replacement price Koha item type
    Not For Loan Non-fiction D.B.Act.Division D.B.Act.Division 03/04/2017 DBAD/PUB 995.00 333.30954 RAM EN-101221 1 995.00 English Books

© Delhi Public Library
Hit Counter
free hit counter